| 000 | 00572nam a2200205Ia 4500 | ||
|---|---|---|---|
| 003 | OSt | ||
| 005 | 20250505123323.0 | ||
| 008 | 210210b1969 xxu||||| |||| 00| 0 eng d | ||
| 040 | _cAL | ||
| 041 | _aKannada | ||
| 082 | _a573.2K SIDM | ||
| 100 |
_aSIDDAVIREGAUDA _dಸಿದ್ಧವೀರೇಗೌಡ _9204984 |
||
| 245 |
_aManavana vugama _bಮಾನವನ ಉಗಮ |
||
| 260 |
_aMaisuru _bKannada Adhyayana Samsthe _c1969 |
||
| 300 | _avi,225 | ||
| 650 |
_aManava Vugama Evolution _9204985 |
||
| 690 |
_aEvolution _9204986 |
||
| 906 | _a030274 | ||
| 942 |
_2ddc _cBK |
||
| 999 |
_c81454 _d81454 |
||